Guess The MC Horror Entity From The Picture: Man From The Fog Edition - Statistics

General Stats
  • This quiz has been taken 26 times
  • The average score is 4 of 16
Answer Stats
Picture Answer % Correct
The Man from the Fog
95%
The Man from the Void
42%
The Frog from the Fog
21%
The Man from BEYOND the Fog
21%
The Man in White
21%
The SmileMan
21%
The Cartoon Stalker
16%
The Man from the Abyss
16%
The Man from the Cold
16%
The Man from the Mist
16%
The Man from the Nightmare
16%
The Man in Blood
16%
The Man in Red
16%
The Man in White Re-Creation
16%
The Man King
16%
The Man That Can Mimic
16%
No matching quizzes found
Score Distribution
Percent of People with Each Score
Percentile by Number Answered
Your Score History
You have not taken this quiz